000 00717nam a2200241Ia 4500
003 OSt
005 20220925211538.0
006 a|||||r|||| 00| 0
007 ta
008 220923b |||||||| |||| 00| 0 eng d
020 _a967 9928 08 X
037 _cGeneral Book
040 _aRTL
_cRTL
_beng
041 _2eng
_aeng
082 _aX:533.170j4.N87, M7
100 _aLO Fu-Chen Ed.
_9274833
245 0 _aAsian and Pacific economy towards the year 2000.
260 _aKaula
_bLumpur Asian and Pacific Development Centre
_c1987
300 _axvii,723p.
_ccm.
500 _aAppendix :703-723p.
942 _hX:533.170j4.N87, M7
_cGB
_2CC
999 _c557993
_d557993